Conflicto y negociación
Guardat en:
| Autors principals: | , |
|---|---|
| Format: | Llibre |
| Idioma: | espanyol |
| Publicat: |
Madrid
Ediciones Pirámide
1998
|
| Edició: | 1a. ed |
| Col·lecció: | Psicología
|
| Matèries: | |
| Etiquetes: |
Afegir etiqueta
Sense etiquetes, Sigues el primer a etiquetar aquest registre!
|
MARC
| LEADER | 00000cam a2200000 a 4500 | ||
|---|---|---|---|
| 001 | UCD6844 | ||
| 003 | CL-VaPUC | ||
| 008 | 170226e19980000sp |||||||||||||||||spa|d | ||
| 020 | |a 8436812468 | ||
| 082 | 0 | 4 | |a 302.3 |b MUN |2 21 |
| 100 | |a Munduate Jaca, Lourdes |e autora |9 590686 | ||
| 700 | 0 | |a Martínez Riquelme, José M |e author |9 590687 | |
| 245 | 1 | 0 | |a Conflicto y negociación |
| 250 | |a 1a. ed | ||
| 300 | |a 126 p | ||
| 942 | |c BK | ||
| 945 | |d 20170226 00:48:00 |a dcastane | ||
| 260 | |a Madrid |b Ediciones Pirámide |c 1998 | ||
| 650 | 0 | |a Negociación |9 307187 | |
| 650 | 0 | |a Resolución de conflictos |9 434922 | |
| 583 | |a last modification |c 20170226 00:48:00 |k Rodrigo Vera | ||
| 490 | 0 | |a Psicología | |
| 999 | |c 367021 |d 367019 | ||
| 952 | |0 0 |1 0 |3 erb |4 0 |6 302_300000000000000_MUN_1998 |7 0 |8 A |9 481701 |a BIBENE |b BIBENE |i 5328098 |o 302.3 MUN 1998 |p 5328098 |r 2025-01-15 |w 2019-11-24 |y BK |z Catalogado en:20170226 |k ICO | ||